000 00338 a2200157 4500
001 15945
020 _a9788534236126
040 _cAnchieta - Bela Vista
100 _aBelém, Valéria
240 1 0 _aBom dia, Maria!
_lpor
245 1 0 _aBom dia, Maria!
300 _a24
362 0 _a2013
650 4 _aLiteratura infantil
942 _cBK
999 _c15945
_d15945